000 00548nam a2200193Ia 4500
001 9066
003 GE_BSU
008 181216s||||||||xx |||||||||||||| ||und||
040 _cGE_BSU
245 _aВопросы культурологии. №2 2014.
245 _cГл. ред.А.В.Агошков и др.
260 _aМосква
260 _bНаука и культура
260 _c2014
300 _a106стр;29см.
653 _aВопросы культурологии
653 _aპერიოდიკა
942 _cCR
999 _c42370
_d42370